| 000 | 00640nam a2200193Ia 4500 | ||
|---|---|---|---|
| 008 | 140925s9999 xx 000 0 und d | ||
| 020 | _a1941-4684 | ||
| 100 | _aWinston, Bruce E. | ||
| 245 |
_aEmerging leadership journeys / _cBruce E. Winston. _h[electronic resource] |
||
| 260 |
_bRegent University School of Business & Leadership, _cc2013. |
||
| 516 | _aElectronic text | ||
| 650 | _aEmerging. | ||
| 650 | _aEntrepreneurship. | ||
| 650 | _aLeadership. | ||
| 830 | _aRegent University School of Business & Leadership | ||
| 856 | _uhttp://www.regent.edu/acad/global/publications/elj/ | ||
| 942 | _cEJ | ||
| 999 |
_c275774 _d275774 |
||